000 00272nam a22001337a 4500
008 170609b xxu||||| |||| 00| 0 eng d
020 _a0671510991
041 _aeng
080 _a94
100 _a17
101 _aSHH
245 _aDIPLOMACY
_cHENRY K
942 _2udc
_cBK
999 _c16638
_d16638